000 nam a22 4500
999 _c8992
_d8992
008 180322b ||||| |||| 00| 0 eng d
100 _927064
_aAdlaon, Blessie.
245 _aImmunotherapy:
_bA bright future for cancer treatment/
_cBlessie Adlaon.
260 _aPhilippines:
_bThe Philippines
_cc2017.
300 _apage D4.
650 0 _927065
_aCancer.
942 _2ddc
_cPER